| 000 | 00509pab a2200181 454500 | ||
|---|---|---|---|
| 008 | 180718b1996 xxu||||| |||| 00| 0 eng d | ||
| 100 | _aDeshpande, R.S. | ||
| 245 | _aDemand and supply of agricultural commodities - a review | ||
| 260 | _c1996 | ||
| 300 | _ap.270-87 | ||
| 362 | _aJan-Jun | ||
| 650 | _aAgriculture - India | ||
| 650 | _aAgricultural products - India | ||
| 650 | _aAgricultural products | ||
| 650 | _aAgriculture | ||
| 773 | _aIndian Journal of Agricultural Economics | ||
| 909 | _a32072 | ||
| 999 |
_c32072 _d32072 |
||